000 00448nam a2200181Ia 4500
001 7706
005 20260306160515.0
008 260306t2014||||xx |||||||||||||| ||spa||
041 _aESP
082 _a354.33
_bR81
100 _aRomero Gil, Inmaculada
_eAUT
245 0 _aIntroducción a la evaluación de impacto ambiental
260 _c2014
300 _a99 páginas :
_c24 cm.
650 _aGEN
654 _aCIA
942 _cLIB
_dJUS
_fJUS
_2ddc
_n
999 _c7706
_d7706